000 00859nam a2200277Ia 4500
003 OSt
005 20220926011838.0
006 a|||||r|||| 00| 0
007 ta
008 220923b |||||||| |||| 00| 0 eng d
020 _a444000704
037 _cGeneral Book
040 _aRTL
_cRTL
_beng
041 _2eng
_aeng
082 _aB2891, L0
100 _aJacobson David H
_9276648
245 0 _aDifferential dynamic programming
260 _aNew York
_bAmerican Elsevier Publishing
_c1970
300 _a208p.
_ccm.
490 _aModern Analytic and Computational Methods in Scientific and Mathematics.24
500 _aBibliography at the end of each chapter
650 _aLinear Programming
700 _a Mayne David Q
_9315100
942 _hB2891, L0
_cGB
_2CC
999 _c621157
_d621157